Statistics for All train stations in Wiltshire

Click here to take the quiz!

General Stats

  • This quiz has been taken 17 times
    (16 since last reset)
  • The average score is 10 of 14

Answer Stats

GroupAnswer% Correct
Great Western main lineChippenham
94%
Wessex main lineSalisbury
94%
Great Western main lineSwindon
94%
Wessex main lineTrowbridge
94%
Wessex main lineWarminster
75%
Wessex main lineWestbury
75%
Wessex main lineBradford-on-Avon
69%
Wessex main lineMelksham
63%
Reading-Taunton linePewsey
63%
Reading-Taunton lineBedwyn
56%
Wessex main lineAvoncliff
50%
Wessex main lineDilton Marsh
50%
Wessex main lineDean
44%
West of England lineTisbury
44%

Score Distribution

Percentile by Number Answered

Percent of People with Each Score

Your Score History

You have not taken this quiz since the last reset